[Event "Philadelphia National op 30th"]
[Site "Philadelphia"]
[Date "1999.??.??"]
[Round "4"]
[White "Brooks, Christopher"]
[Black "Boyd, Ronald"]
[Result "1-0"]
[WhiteElo "1715"]
[BlackElo "1680"]
[PlyCount "59"]
[EventDate "1999.11.26"]
[EventType "swiss"]
[EventRounds "6"]
[EventCountry "USA"]
[SourceTitle "CBM 073 Extra"]
[Source "ChessBase"]
[SourceDate "2000.01.11"]
[SourceVersion "1"]
[SourceVersionDate "2000.01.11"]
[SourceQuality "1"]

1. d4 Nf6 2. Nf3 e6 3. Bg5 Be7 4. Nbd2 Nc6 5. c3 d5 6. e3 0-0 7. Bd3 Re8 8. 0-0 a6 9. Ne5 Nxe5 10. dxe5 Nd7 11. Bxe7 Qxe7 12. f4 Qc5 13. Rf3 f5 14. Qe2 b5 15. Rh3 Qe7 16. Nf3 h6 17. Kh1 c5 18. Rg1 c4 19. Bc2 Bb7 20. Nd4 Nc5 21. g4 fxg4 22. Qxg4 Nd3 23. Bxd3 cxd3 24. Rxh6 Qf7 25. Rg6 Re7 26. h4 Rc8 27. h5 Kh7 28. Rg2 b4 29. h6 gxh6 30. Rxh6+ 1-0